000 01447nam a2200289Ia 4500
999 _c53027
_d53027
001 20061
003 GE_BSU
005 20210706112741.0
008 181216s2009||||ge |||||||||||||| ||geo||
020 _a9789941141720
040 _cGE_BSU
041 _ageo
080 _a51(075.4)+ 514(075.4)+ 51(076.1) მ-15
245 _aმათემატიკა :
_bნაწ. 2 : გეომეტრია. (თეორია და ამოცანათა კრებული) /
_cს. თოფურია, ვ. ხოჭოლავა, გ. აბესაძე, ზ. მეტრეველი; ს. თოფურიას რედ.
250 _aმე - 5 გადამუშავებული გამოცემა.
264 _aთბილისი
_b[ტექნ. უნ-ტი],
_c2009.
300 _a320გვ. :
_bნახ.;
_c20 სმ.
653 _aგეომეტრია
653 _aთეორია და ამოცანათა კრებული
653 _aმათემატიკა
700 _aთოფურია, ს.
_eავტორი
_912193
700 _aხოჭოლავა, ვ.
_eავტორი
_912194
700 _aაბესაძე, გ.
_eავტორი
_91415
700 _aმეტრეველი, ზ.
_eავტორი
_95368
700 _aთოფურია, ს.
_eრედაქტორი
_912193
942 _cBK
_2udc